The Impact of ESG practices in China's manufacturing SMEs on regional economic coordination

Bibliographic Details
Main Authors: Li Mengsi
Neszmélyi György Iván
Format: Book part
Published: Budapesti Gazdaságtudományi Egyetem Budapest, Magyarország 2026
Series:ESG - Risk Management or New Sustainability? VIII.BUEB International Sustainability Student ConferenceProceedings - Budapest University of Economics and Business 2025
Subjects:
doi:10.29180/978-615-6886-27-9_8

Kulcsszavak:ESG practices
manufacturing SMEs
regional economic coordination
Sustainable Development
empirical analysis
Online Access:http://publikaciotar.uni-bge.hu/2638

MARC

LEADER 00000naa a2200000 i 4500
001 publ2638
005 20260326121335.0
008 260326s2026 hu o 000 zxx d
020 |a 978-615-6886-27-9 
024 |a 10.29180/978-615-6886-27-9_8  |2 doi 
040 |a BGE Publikációtár Repozitórium  |b hun 
100 1 |a Li Mengsi 
245 1 4 |a The Impact of ESG practices in China's manufacturing SMEs on regional economic coordination  |c Li Mengsi  |h [elektronikus dokumentum] 
260 |a Budapesti Gazdaságtudományi Egyetem  |b Budapest, Magyarország  |c 2026 
300 |a 1-14 
490 0 |a ESG - Risk Management or New Sustainability? VIII.BUEB International Sustainability Student ConferenceProceedings - Budapest University of Economics and Business 2025 
650 4 |a regionális tudományok 
695 |a ESG practices 
695 |a manufacturing SMEs 
695 |a regional economic coordination 
695 |a Sustainable Development 
695 |a empirical analysis 
700 1 |a Neszmélyi György Iván  |e aut 
856 4 0 |u https://publikaciotar.uni-bge.hu/id/eprint/2638/1/SUS%20Conference%20Proceedings%20-%20ESG%20Risk%20Managenemt_8.cikk.pdf  |z Dokumentum-elérés